| 000 | 00498nam a2200181Ia 4500 | ||
|---|---|---|---|
| 001 | 8706 | ||
| 005 | 20260306160629.0 | ||
| 008 | 260306t2009||||xx |||||||||||||| ||spa|| | ||
| 041 | _aESP | ||
| 082 |
_a371.3 _bH43 |
||
| 100 |
_aHernández-Pizarro, Lucía _eAUT |
||
| 245 | 0 |
_aAprendiendo a enseñar: _buna propuesta de intervención didáctica para una enseñanza de calidad |
|
| 260 | _c2009 | ||
| 300 |
_a452 páginas : _c24 cm. |
||
| 650 | _aGEN | ||
| 654 | _aCED | ||
| 942 |
_cLIB _dJUS _fJUS _2ddc _n |
||
| 999 |
_c8706 _d8706 |
||